| 000 | 00937nam a2200229Ia 4500 | ||
|---|---|---|---|
| 003 | Ost | ||
| 005 | 20260507075158.0 | ||
| 008 | 260507s9999||||xx |||||||||||||| ||und|| | ||
| 020 | _a34452499539 | ||
| 040 | _cfsecg | ||
| 041 | _aara | ||
| 082 | _a330 | ||
| 100 |
_aطوبيا، بيار اميل _eمؤلف |
||
| 245 | 0 |
_aالشركة المنشأة بصورة فعلية : _bدراسة مقارنة / _c بيار اميل طوبيا |
|
| 260 |
_aبيروت: _bمنشورات الحلبي الحقوقية, _c2009 |
||
| 300 |
_a189 صفحة؛ _c24 سم |
||
| 504 | _aمراجع ص.171 ؛ ملاحق ص.95 | ||
| 520 | _aماهية الشركة المنشأة بصورة فعلية مع التطرق الى النظام القانوني لهذه الشركة وتطبيقتها وكذا علاقتها بالقانون الخاص. | ||
| 653 | _aالشركات | ||
| 653 | _aالمؤسسات التجارية | ||
| 942 | _cكتاب | ||
| 999 |
_c43385 _d43385 |
||